MARC
|
|
|
|
| LEADER |
00000nam2a2200000 4500 |
| 001 |
168376 |
| 005 |
20231031163107.0 |
| 035 |
|
|
|a (RuTPU)RU\TPU\book\182688
|
| 035 |
|
|
|a RU\TPU\book\120131
|
| 090 |
|
|
|a 168376
|
| 100 |
|
|
|a 20091028d1976 m y0rusy50 ca
|
| 101 |
0 |
|
|a rus
|
| 102 |
|
|
|a RU
|
| 105 |
|
|
|a a z 001zy
|
| 200 |
0 |
|
|a Кн. 2
|
| 210 |
|
|
|d 1976
|
| 215 |
|
|
|a 206 с.
|c ил.
|
| 320 |
|
|
|a Библиогр. в конце ст.
|
| 461 |
|
1 |
|0 (RuTPU)RU\TPU\book\150350
|t Война. Народ. Победа. 1941 - 1945.
|f сост. И. М. Данишевский
|v Кн. 2
|d 1976
|
| 610 |
1 |
|
|a Великая Отечественная война 1941-1945
|
| 610 |
1 |
|
|a войны
|
| 610 |
1 |
|
|a народ
|
| 610 |
1 |
|
|a победа
|
| 610 |
1 |
|
|a история
|
| 610 |
1 |
|
|a фашизм
|
| 610 |
1 |
|
|a Германия
|
| 801 |
|
1 |
|a RU
|b 63413507
|c 20070313
|g PSBO
|
| 801 |
|
2 |
|a RU
|b 63413507
|c 20180123
|g PSBO
|
| 942 |
|
|
|c BK
|